Bank bailouts moral hazard vs. value effect

Uložené v:
Podrobná bibliografia
Hlavný autor: Cordella, Tito
Ďalší autori: Yeyati, Eduardo Levy
Médium: Kniha
Jazyk:English
Vydavateľské údaje: Washington International Monetary Fund 1999
Edícia:IMF Working Paper
Predmet:
Tagy: Pridať tag
Žiadne tagy, Buďte prvý, kto otaguje tento záznam!

MARC

LEADER 00000nam a2200000 4500
001 c123722
005 20221221081635.3
041 0 |a eng 
044 |a US 
245 1 0 |a Bank bailouts  |b moral hazard vs. value effect  |c Tito Cordella, Eduardo Levy Yeyati 
264 1 |a Washington  |b International Monetary Fund  |c 1999 
300 |a 30 s. 
490 1 |a IMF Working Paper 
830 0 |a IMF Working Paper 
610 2 0 |a banky 
610 2 0 |a banky centrálne 
610 2 0 |a riziko bankové 
610 2 0 |a hazard morálny 
100 1 |a Cordella, Tito 
700 1 |a Yeyati, Eduardo Levy